| 000 | 00681nam a22002057a 4500 | ||
|---|---|---|---|
| 003 | OSt | ||
| 005 | 20260612112458.0 | ||
| 008 | 260612b |||||||| |||| 00| 0 eng d | ||
| 020 | _a0-7619-3881-8 | ||
| 040 | _cChuka University Library | ||
| 050 |
_aLB 1025.3 _b.T3 2003 |
||
| 100 |
_aTate L. Marcia _928810 |
||
| 245 |
_aWorksheets don't grow dendrites _bInstructional strategies that engage brain |
||
| 260 |
_aThousand Oaks, California _bCorwin press ,INC _c2003 |
||
| 300 |
_a136 _bIllustrations |
||
| 650 |
_aEffective teaching-handbooks ,manuals etc _928811 |
||
| 650 |
_aLessons planning-handbooks ,manuals, etc _928812 |
||
| 650 |
_aLearning _911399 |
||
| 942 |
_2lcc _cBK _n0 |
||
| 999 |
_c24097 _d24097 |
||